Normal view
MARC view
- Ostwald, Phillip F
Entry Personal Name
001 - CONTROL NUMBER
- control field: 114253
003 - CONTROL NUMBER IDENTIFIER
- control field: NUST
005 - DATE AND TIME OF LATEST TRANSACTION
- control field: 20230822160856.0
008 - FIXED-LENGTH DATA ELEMENTS
- fixed length control field: 230822|| aca||aabn | a|a d
040 ## - CATALOGING SOURCE
- Original cataloging agency: NUST
- Transcribing agency: NUST
100 ## - HEADING--PERSONAL NAME
- Personal name: Ostwald, Phillip F
670 ## - SOURCE DATA FOUND
- Source citation: Work cat.: (NUST): Ostwald, Phillip F , Manufacturing Processes and Systems, 1998.
